Vista normal
Vista MARC
Entrada Materia (personas)
Número de registros utilizados en: 2
001 - CONTROL NUMBER
- control field: 164120
003 - CONTROL NUMBER IDENTIFIER
- control field: Co-BoUCM
005 - DATE AND TIME OF LATEST TRANSACTION
- control field: 20211111075229.0
008 - FIXED-LENGTH DATA ELEMENTS
- fixed length control field: 211111|| aca||aabn | a|a d
040 ## - CATALOGING SOURCE
- Original cataloging agency: Co-BoUCM
- Transcribing agency: Co-BoUCM
100 ## - HEADING--PERSONAL NAME
- Personal name: Zalamea Borda, Jorge
- Dates associated with a name: 1905-1969
670 ## - SOURCE DATA FOUND
- Source citation: Work cat.: (Co-BoUCM)55774: Zalamea Borda, Jorge 1905-1969, La poesía ignorada y olvidada, 1965